000 00414cam a2200145ua 4500
003 OSt
005 20260213113817.0
008 260213b |||||||| |||| 00| 0 eng d
041 _aeng
082 _a028.74621
_bENV/EN
245 _aEnergy-development-Quality of life:Energie-development-qualite-devie Divsion-3
260 _a :
_bTechnical papers rappents technics ,
_c1983.
300 _a200 ; .
942 _cBK
999 _c10338
_d10338